Italy all time starting xi - Statistics

General Stats
  • This quiz has been taken 225 times
  • The average score is 7 of 11
Answer Stats
Hint Answer % Correct
GK(1997-2018 Gianluigi Buffon
100%
DF(1988-2002 Paolo Maldini
93%
MF(2002-2015 Andrea Pirlo
90%
DF(2004-2022 Giorgio Chiellini
90%
FW(1988-2004 Roberto Baggio
79%
MF(2004-2017 Daniele De Rossi
71%
FW(1930-1939 Guiseppe Meazza
55%
FW(1965-1974 luigi Riva
42%
DF(1963-1977 Giancinto Facchetti
28%
DF(1982-1998 Guiseppe Bergomi
28%
MF(1976-1985 Marco Tardelli
24%
No matching quizzes found
Score Distribution
Percent of People with Each Score
Percentile by Number Answered
Your Score History
You have not taken this quiz